Zahlen 1 bis 10 in europäischen Sprachen - Statistiken

Allgemein
  • Dieses Quiz wurde 122 mal gespielt
    82 seit der letzten Aktualisierung
  • Das Durchschnittsergebnis liegt bei 42 aus 90
Antwortstatistiken
Sprache # Antwort % Korrekt
French 1 Un
98%
Italian 3 Tre
97%
Swedish 3 Tre
97%
Spanish 1 Uno
95%
Italian 1 Uno
95%
Englisch 6 Six
91%
French 6 Six
91%
Spanish 3 Tres
91%
Portuguese 3 Três
91%
Englisch 9 Nine
88%
Englisch 1 One
88%
Englisch 8 Eight
86%
Englisch 5 Five
86%
Englisch 7 Seven
86%
Englisch 10 Ten
86%
Englisch 3 Three
86%
Englisch 2 Two
86%
Spanish 2 Dos
85%
Englisch 4 Four
85%
French 5 Cinq
76%
Italian 6 Sei
76%
French 2 Deux
71%
French 3 Trois
70%
Italian 2 Due
68%
Spanish 5 Cinco
67%
Portuguese 5 Cinco
67%
Spanish 8 Ocho
64%
Spanish 4 Cuatro
62%
Portuguese 4 Quatro
62%
French 10 Dix
61%
French 4 Quatre
61%
Spanish 6 Seis
61%
Portuguese 6 Seis
61%
Spanish 7 Siete
61%
French 8 Huit
59%
French 9 Neuf
59%
Spanish 9 Nueve
59%
French 7 Sept
56%
Italian 4 Quattro
55%
Italian 5 Cinque
53%
Italian 8 Otto
53%
Italian 7 Sette
53%
Spanish 10 Diez
48%
Dutch 1 Een
48%
Italian 9 Nove
47%
Portuguese 9 Nove
47%
German 4 Vier
45%
Dutch 4 Vier
45%
Italian 10 Dieci
42%
German 8 Acht
41%
Dutch 8 Acht
41%
Dutch 2 Twee
33%
German 3 Drei
32%
German 1 Eins
29%
German 2 Zwei
29%
Swedish 1 En
27%
German 6 Sechs
27%
German 7 Sieben
26%
German 10 Zehn
26%
German 5 Fünf
24%
German 9 Neun
24%
Portuguese 1 Um
23%
Dutch 3 Drie
21%
Portuguese 7 Sete
20%
Swedish 6 Sex
18%
Portuguese 2 Dois
17%
Dutch 7 Zeven
17%
Dutch 9 Negen
15%
Dutch 5 Vijf
15%
Polish 2 Dwa
14%
Swedish 5 Fem
14%
Portuguese 8 Oito
14%
Dutch 6 Zes
14%
Swedish 7 Sju
12%
Dutch 10 Tien
12%
Swedish 4 Fyra
11%
Swedish 9 Nio
11%
Swedish 10 Tio
11%
Swedish 2 Två
11%
Portuguese 10 Dez
9%
Polish 1 Jeden
9%
Swedish 8 Åtta
8%
Polish 7 Siedem
6%
Polish 3 Trzy
6%
Polish 4 Cztery
5%
Polish 10 Dziesięć
5%
Polish 9 Dziewięć
5%
Polish 8 Osiem
5%
Polish 5 Pięć
5%
Polish 6 Sześć
5%
Keine übereinstimmenden Quizze gefunden
Verteilung der Resultate
Anzahl Personen mit jedem Resultat
Perzentil nach korrekt beantworteten Fragen
Ihre Resultats-Entwicklung
Sie haben dieses Quiz seit der letzten Aktualisierung nicht gespielt